[Event "HUN-chT2 Asztalos 1718"]
[Site "Hungary"]
[Date "2018.03.25"]
[Round "8.9"]
[White "Palfi, Peter"]
[Black "Horvath, Csaba4444"]
[Result "1-0"]
[WhiteElo "1834"]
[BlackElo "1758"]
[PlyCount "49"]
[EventDate "2017.10.29"]
[EventType "team-tourn"]
[EventRounds "9"]
[EventCountry "HUN"]
[SourceTitle "EXT 2021"]
[Source "ChessBase"]
[SourceDate "2020.10.23"]
[SourceVersion "1"]
[SourceVersionDate "2020.10.23"]
[SourceQuality "1"]
[WhiteTeam "Marcali"]
[BlackTeam "Szentlorinc"]
[WhiteTeamCountry "HUN"]
[BlackTeamCountry "HUN"]

1. e4 d5 2. exd5 Qxd5 3. Nc3 Qd8 4. d4 Nf6 5. Bd3 c6 6. Nge2 g6 7. Be3 Bg7 8. Qd2 0-0 9. Bh6 b6 10. Bxg7 Kxg7 11. h4 Na6 12. h5 Rh8 13. hxg6 hxg6 14. 0-0-0 Nb4 15. Ng3 Nxd3+ 16. cxd3 Be6 17. Rxh8 Qxh8 18. Rh1 Nh7 19. Nce4 f6 20. Qh6+ Kg8 21. Ng5 fxg5 22. Qxg6+ Qg7 23. Qxe6+ Kh8 24. Rh6 Qxd4 25. Nf5 1-0

[Event "HUN-chT2 Asztalos 1718"]
[Site "Hungary"]
[Date "2017.10.29"]
[Round "1.9"]
[White "Palfi, Peter"]
[Black "Jaeger, Laszlo"]
[Result "1/2-1/2"]
[WhiteElo "1834"]
[BlackElo "1855"]
[PlyCount "34"]
[EventDate "2017.10.29"]
[EventType "team-tourn"]
[EventRounds "9"]
[EventCountry "HUN"]
[SourceTitle "EXT 2021"]
[Source "ChessBase"]
[SourceDate "2020.10.23"]
[SourceVersion "1"]
[SourceVersionDate "2020.10.23"]
[SourceQuality "1"]
[WhiteTeam "Marcali"]
[BlackTeam "Baja"]
[WhiteTeamCountry "HUN"]
[BlackTeamCountry "HUN"]

1. e4 c5 2. b3 Nf6 3. Nc3 a6 4. a4 g6 5. Bb2 d6 6. Bc4 Bg7 7. Rb1 0-0 8. Nge2 Nc6 9. 0-0 Ne5 10. d3 Nxc4 11. dxc4 b6 12. Ng3 Bb7 13. Qe2 Qc7 14. Rfe1 Rad8 15. Nd5 Nxd5 16. Bxg7 Kxg7 17. cxd5 e5 1/2-1/2

[Event "HUN-chT2 Asztalos 1617"]
[Site "Hungary"]
[Date "2017.02.12"]
[Round "8.9"]
[White "Kovacs, Tibor"]
[Black "Palfi, Peter"]
[Result "1/2-1/2"]
[WhiteElo "1849"]
[BlackElo "1763"]
[PlyCount "44"]
[EventDate "2016.09.25"]
[EventType "team-tourn"]
[EventRounds "11"]
[EventCountry "HUN"]
[SourceTitle "EXT 2021"]
[Source "ChessBase"]
[SourceDate "2020.10.23"]
[SourceVersion "1"]
[SourceVersionDate "2020.10.23"]
[SourceQuality "1"]
[WhiteTeam "Pecs Karmin"]
[BlackTeam "Marcali"]
[WhiteTeamCountry "HUN"]
[BlackTeamCountry "HUN"]

1. e4 e5 2. Nf3 Nc6 3. Bc4 d6 4. d3 Be7 5. c3 Be6 6. Bb3 h6 7. h3 Nf6 8. Be3 0-0 9. Bc2 Nh7 10. d4 exd4 11. cxd4 d5 12. e5 f6 13. Qd3 f5 14. a3 Bg5 15. Nxg5 Nxg5 16. Bf4 Ne4 17. h4 Ne7 18. f3 Ng6 19. Bxh6 Ng3 20. Bg5 Qd7 21. Rh3 f4 22. Rxg3 Bf5 1/2-1/2

[Event "HUN-chT2 Asztalos 1617"]
[Site "Hungary"]
[Date "2016.12.11"]
[Round "6.9"]
[White "Palfi, Peter"]
[Black "Grunwald, Geza"]
[Result "1/2-1/2"]
[WhiteElo "1763"]
[BlackElo "1870"]
[PlyCount "33"]
[EventDate "2016.09.25"]
[EventType "team-tourn"]
[EventRounds "11"]
[EventCountry "HUN"]
[SourceTitle "EXT 2021"]
[Source "ChessBase"]
[SourceDate "2020.10.23"]
[SourceVersion "1"]
[SourceVersionDate "2020.10.23"]
[SourceQuality "1"]
[WhiteTeam "Marcali"]
[BlackTeam "Komlo Banyasz II"]
[WhiteTeamCountry "HUN"]
[BlackTeamCountry "HUN"]

1. e4 e6 2. d4 d5 3. Nc3 Bb4 4. Nge2 Nf6 5. e5 Ne4 6. a3 Nxc3 7. Nxc3 Be7 8. Be3 Nd7 9. b4 a5 10. b5 c6 11. Qg4 g6 12. Bd3 c5 13. 0-0 cxd4 14. Bxd4 Bc5 15. Ne2 Qb6 16. c3 Qd8 17. Ng3 1/2-1/2

[Event "Balaton op 34th"]
[Site "Balatonboglar"]
[Date "2016.06.14"]
[Round "1"]
[White "Kincs, Imre"]
[Black "Palfi, Peter"]
[Result "1-0"]
[WhiteElo "2154"]
[BlackElo "1816"]
[PlyCount "53"]
[EventDate "2016.06.14"]
[EventType "swiss"]
[EventRounds "9"]
[EventCountry "HUN"]
[SourceTitle "CBM 173 Extra"]
[Source "ChessBase"]
[SourceDate "2016.08.29"]
[SourceVersion "1"]
[SourceVersionDate "2016.08.29"]
[SourceQuality "1"]

1. d4 Nf6 2. Nf3 d6 3. c4 g6 4. Nc3 Bg7 5. e4 Bg4 6. Be3 c6 7. Qb3 Qb6 8. d5 Qxb3 9. axb3 Bxf3 10. gxf3 a6 11. b4 0-0 12. Be2 cxd5 13. cxd5 Nbd7 14. h3 Rfc8 15. Kd2 Ne5 16. Na4 Nfd7 17. Rhc1 b5 18. Rxc8+ Rxc8 19. Nc3 Nc4+ 20. Bxc4 Rxc4 21. Rxa6 Rxb4 22. Kc2 Ne5 23. Ra8+ Bf8 24. Bh6 Nd7 25. b3 f6 26. Na2 Kf7 27. Be3 1-0

[Event "HUN-chT2 Asztalos 1516"]
[Site "Hungary"]
[Date "2016.04.17"]
[Round "11.7"]
[White "Palfi, Peter"]
[Black "Boka, Robert"]
[Result "1-0"]
[WhiteElo "1808"]
[BlackElo "1780"]
[PlyCount "95"]
[EventDate "2015.09.13"]
[EventType "team-tourn"]
[EventRounds "11"]
[EventCountry "HUN"]
[SourceTitle "EXT 2017"]
[Source "ChessBase"]
[SourceDate "2016.10.25"]
[SourceVersion "1"]
[SourceVersionDate "2016.10.25"]
[SourceQuality "1"]
[WhiteTeam "Marcali"]
[BlackTeam "Komlo Banyasz"]
[WhiteTeamCountry "HUN"]
[BlackTeamCountry "HUN"]

1. e4 c5 2. Nf3 e6 3. d4 cxd4 4. Nxd4 a6 5. a4 Nf6 6. Bd3 Nc6 7. Nb3 d5 8. exd5 exd5 9. 0-0 Be7 10. Nc3 0-0 11. Bf4 Bg4 12. Be2 Bf5 13. Bf3 Be6 14. Qe2 Qc8 15. Rad1 Nb4 16. Nd4 Bc5 17. Be5 Bxd4 18. Bxd4 Bf5 19. Rc1 Re8 20. Qd2 Qd7 21. Bxf6 gxf6 22. Nxd5 Nxd5 23. Qxd5 Qxd5 24. Bxd5 Re7 25. Rfe1 Rae8 26. Rxe7 Rxe7 27. Kf1 Be6 28. Rd1 b5 29. axb5 axb5 30. b3 Bf5 31. Rd2 b4 32. Bc4 h5 33. h4 Kg7 34. g3 Bh3+ 35. Kg1 Re1+ 36. Kh2 Bg4 37. Kg2 Bc8 38. Bd3 f5 39. Re2 Rc1 40. Re5 Bb7+ 41. f3 f4 42. Rxh5 Rd1 43. Re5 fxg3 44. Kxg3 Bc6 45. Rc5 Bd7 46. Rc4 Rg1+ 47. Kf2 Rh1 48. Rxb4 1-0